LIBRARY & INFORMATION CENTRE, KCAET, TAVANUR

ONLINE PUBLIC ACCESS CATALOGUE (OPAC)

Specification for high density polyethylene pipes for portable water supplies sewage and industrial effluents IS:4984-1987 / (Record no. 9954)

MARC details
000 -LEADER
fixed length control field 00990cam a2200145ua 4500
041 ## - LANGUAGE CODE
Language code of text/sound track or separate title eng
082 ## - DEWEY DECIMAL CLASSIFICATION NUMBER
Classification number 621.643
Item number IND/SP
245 00 - TITLE STATEMENT
Title Specification for high density polyethylene pipes for portable water supplies sewage and industrial effluents IS:4984-1987 /
260 ## - PUBLICATION, DISTRIBUTION, ETC. (IMPRINT)
Place of publication New Delhi :
Name of publisher Indian standards institution ,
Year of publication 1987.
300 ## - PHYSICAL DESCRIPTION
Number of Pages 14 ; .
942 ## - ADDED ENTRY ELEMENTS (KOHA)
Koha item type Books
Holdings
Withdrawn status Lost status Damaged status Home library Current library Date acquired Full call number Accession Number Koha item type
Withdrawn     KAUAET KAUAET 07/04/2012 621.643 17249 Standards
free website counter